[Event "Lippe Cup 02nd"]
[Site "Lieme"]
[Date "2005.10.07"]
[Round "1"]
[White "Hohmann, Louisa"]
[Black "Rieth, Hans Helmut"]
[Result "1/2-1/2"]
[WhiteElo "1395"]
[BlackElo "1740"]
[PlyCount "100"]
[EventDate "2005.10.07"]
[EventType "swiss"]
[EventRounds "5"]
[EventCountry "GER"]
[SourceTitle "EXT 2012"]
[Source "ChessBase"]
[SourceDate "2011.11.24"]
[SourceVersion "1"]
[SourceVersionDate "2011.11.24"]
[SourceQuality "1"]

1. e4 e5 2. Nf3 Nc6 3. Bb5 a6 4. Ba4 d6 5. d4 b5 6. Bb3 exd4 7. 0-0 Ne5 8. Bf4 Bg4 9. Nbd2 Nf6 10. h3 Nxf3+ 11. Nxf3 Bxf3 12. Qxf3 Be7 13. e5 dxe5 14. Bxe5 0-0 15. Rfd1 c5 16. c3 c4 17. Rxd4 Qb6 18. Bc2 Qe6 19. Bg3 g6 20. Qd1 Qc6 21. Bh4 Rad8 22. Rxd8 Rxd8 23. Qe2 Re8 24. Qe5 Nd7 25. Qg3 Bxh4 26. Qxh4 Re2 27. Rc1 Qd5 28. Rd1 Rd2 29. Qg4 Ne5 30. Rxd2 Qxd2 31. Qd1 Qxd1+ 32. Bxd1 Nd3 33. b3 Nc1 34. bxc4 bxc4 35. a3 Na2 36. Be2 Nxc3 37. Bxc4 a5 38. Kf1 Nb1 39. Bd3 Nc3 40. Ke1 Na4 41. Kd2 Kf8 42. Kc2 Ke7 43. Kb3 Nc5+ 44. Kc4 Nxd3 45. Kxd3 Kd6 46. Kd4 Kc6 47. Kc4 f6 48. f3 h6 49. g3 h5 50. h4 Kb6 1/2-1/2

[Event "Lippe Cup 01st"]
[Site "Lieme"]
[Date "2004.10.24"]
[Round "4"]
[White "Bykovskij, Sergej"]
[Black "Rieth, Hans Helmut"]
[Result "1/2-1/2"]
[WhiteElo "1607"]
[BlackElo "1767"]
[PlyCount "65"]
[EventDate "2004.10.22"]
[EventType "swiss"]
[EventRounds "5"]
[EventCountry "GER"]
[SourceTitle "EXT 2012"]
[Source "ChessBase"]
[SourceDate "2011.11.24"]
[SourceVersion "1"]
[SourceVersionDate "2011.11.24"]
[SourceQuality "1"]

1. d4 Nf6 2. Nf3 d5 3. g3 c6 4. Bg2 e6 5. 0-0 Bd6 6. Re1 0-0 7. Nbd2 Nbd7 8. e4 dxe4 9. Nxe4 Nxe4 10. Rxe4 Nf6 11. Re1 Re8 12. c3 Qc7 13. Qc2 c5 14. Be3 Nd5 15. dxc5 Nxe3 16. Rxe3 Bxc5 17. Ree1 f6 18. Rad1 e5 19. Nd2 Be6 20. Nb3 Bb6 21. Rd2 Red8 22. Red1 Rxd2 23. Qxd2 Qf7 24. Qd6 g6 25. Bd5 Bxd5 26. Qxd5 Rd8 27. Qxf7+ Kxf7 28. Rd2 Rxd2 29. Nxd2 f5 30. Kf1 Ke6 31. Ke2 Kd5 32. c4+ Kd4 33. Nf3+ 1/2-1/2

[Event "Lippe Cup 01st"]
[Site "Lieme"]
[Date "2004.10.24"]
[Round "5"]
[White "Rieth, Hans Helmut"]
[Black "Wundahl, Juergen"]
[Result "1-0"]
[WhiteElo "1767"]
[BlackElo "1652"]
[PlyCount "81"]
[EventDate "2004.10.22"]
[EventType "swiss"]
[EventRounds "5"]
[EventCountry "GER"]
[SourceTitle "EXT 2012"]
[Source "ChessBase"]
[SourceDate "2011.11.24"]
[SourceVersion "1"]
[SourceVersionDate "2011.11.24"]
[SourceQuality "1"]

1. e4 c5 2. Nf3 d6 3. d4 cxd4 4. Nxd4 Nf6 5. Nc3 g6 6. f4 Bg7 7. e5 dxe5 8. fxe5 Nd5 9. Bb5+ Kf8 10. 0-0 Nc7 11. Be3 a6 12. Bc4 e6 13. Qf3 Qe8 14. Qg3 Nc6 15. Nxc6 Qxc6 16. Qf4 Qe8 17. Ne4 Nd5 18. Bxd5 exd5 19. Nd6 Bxe5 20. Qxf7+ Qxf7 21. Nxf7 Bxb2 22. Rab1 Bc3 23. Nxh8+ Kg7 24. Nf7 b5 25. Bh6+ Kg8 26. Nd8 Bd4+ 27. Kh1 Bf5 28. Nc6 Bc5 29. Rbe1 Be4 30. c3 Rc8 31. Nd4 Ba3 32. Re3 b4 33. cxb4 Bxb4 34. Rb3 Bd6 35. Ne6 Bf5 36. Nf4 Be4 37. Nd3 Bf5 38. Nb4 d4 39. Nd3 Rc2 40. a3 Rd2 41. Bxd2 1-0

[Event "Lippe Cup 01st"]
[Site "Lieme"]
[Date "2004.10.23"]
[Round "2"]
[White "Henkemeier, Markus"]
[Black "Rieth, Hans Helmut"]
[Result "0-1"]
[WhiteElo "1420"]
[BlackElo "1767"]
[PlyCount "98"]
[EventDate "2004.10.22"]
[EventType "swiss"]
[EventRounds "5"]
[EventCountry "GER"]
[SourceTitle "EXT 2012"]
[Source "ChessBase"]
[SourceDate "2011.11.24"]
[SourceVersion "1"]
[SourceVersionDate "2011.11.24"]
[SourceQuality "1"]

1. e4 e5 2. f4 d5 3. exd5 e4 4. g3 Nf6 5. Bg2 Bc5 6. d4 Bb6 7. Ne2 0-0 8. 0-0 c5 9. Be3 Nxd5 10. dxc5 Ba5 11. Bf2 f5 12. c4 Nb4 13. Qxd8 Rxd8 14. Nbc3 Nd3 15. Rab1 Nc6 16. a3 Nxf2 17. Kxf2 Be6 18. Bh3 g6 19. Nxe4 Bxc4 20. N4c3 Rd2 21. b4 Bc7 22. Rbd1 Rad8 23. Rxd2 Rxd2 24. Ke3 Rd3+ 25. Kf2 a6 26. Bg2 Bd8 27. Rd1 Bf6 28. Rxd3 Bxd3 29. Nd5 Bb2 30. a4 Ba3 31. Ke3 Bc4 32. Nf6+ Kf7 33. Nxh7 Bxb4 34. Bxc6 bxc6 35. Ng5+ Ke7 36. Nf3 Bxc5+ 37. Kd2 Bb4+ 38. Ke3 Bd5 39. Ne5 Kf6 40. Nd4 c5 41. Nc2 a5 42. Nd7+ Ke6 43. Ne5 Bb3 44. Kd3 g5 45. Ne3 Bxa4 46. N3c4 g4 47. Nb6 Bb5+ 48. Kc2 a4 49. Kb2 Be1 0-1

[Event "Werther Schloss op-B 9th"]
[Site "Werther"]
[Date "2003.04.13"]
[Round "4"]
[White "Rieth, Hans Helmut"]
[Black "Altenbernd, Dirk"]
[Result "1/2-1/2"]
[WhiteElo "1749"]
[BlackElo "1859"]
[PlyCount "50"]
[EventDate "2003.04.11"]
[EventType "swiss"]
[EventRounds "5"]
[EventCountry "GER"]
[SourceTitle "EXT 2006"]
[Source "ChessBase"]
[SourceDate "2005.11.24"]
[SourceVersion "1"]
[SourceVersionDate "2005.11.24"]
[SourceQuality "1"]

1. e4 g6 2. d4 Bg7 3. Nc3 c6 4. f4 d5 5. e5 h5 6. Nf3 Bg4 7. h3 Bxf3 8. Qxf3 e6 9. Bd3 Nh6 10. Ne2 h4 11. Bd2 Nf5 12. 0-0-0 Bf8 13. Kb1 Be7 14. Bxf5 gxf5 15. g4 hxg3 16. Qxg3 Bf8 17. h4 Qb6 18. h5 Bh6 19. Rdg1 Nd7 20. Qa3 Bf8 21. Qb3 Qxb3 22. axb3 c5 23. c3 b6 24. Be3 0-0-0 25. Kc2 Nb8 1/2-1/2